| 000 | 00715nam a2200229 a 4500 | ||
|---|---|---|---|
| 999 |
_c1419 _d1419 |
||
| 001 | 1419 | ||
| 003 | BD-JhCC | ||
| 005 | 20171019090008.0 | ||
| 008 | 171019s2001 bg ||||| |||| 00| 0 ben d | ||
| 020 | _a9844102383 | ||
| 035 | _a(BD-JhCC)1419 | ||
| 040 |
_aBD-JhCC _dBD-JhCC |
||
| 041 | _aben | ||
| 082 |
_a327 _bHAQ 2001 |
||
| 100 | _aহক, মুহম্মদ শামসউল | ||
| 245 |
_aবিশ্বরাজনীতি ও বাংলাদেশ / _cমুহম্মদ শামসউল হক |
||
| 260 |
_aঢাকা : _bমাওলা ব্রাদার্স , _c2001. |
||
| 300 |
_a135 p. : _c22 cm. |
||
| 650 | _aInternational Politics | ||
| 942 |
_2ddc _cBK |
||